| 000 | 00795nam a22002057a 4500 | ||
|---|---|---|---|
| 003 | BD-DhUL | ||
| 005 | 20240424111741.0 | ||
| 008 | 240424s2024 bg a|||| |||| 00| 0 ben | ||
| 020 | _a9789849838999 (hbk) | ||
| 040 |
_aBD-DhUL _cBD-DhUL |
||
| 082 |
_a320.092 _bASH |
||
| 100 | 1 | _aআশরাফ, শহীদ | |
| 245 |
_aহোসেন শহীদ সোহরাওয়ার্দী / _c শহীদ আশরাফ |
||
| 260 |
_aঢাকা : _bনালন্দা, _c২০২৪ । |
||
| 300 |
_a২০৮ পৃ. : _bচিত্র ; _c ২২ সেমি । |
||
| 365 |
_aBDT _b500.00 |
||
| 650 | _aসোহরাওয়ার্দী, হোসেন শহীদ - জীবনী | ||
| 650 | _aSuhrawardy Hossain Shaheed - Biography | ||
| 942 |
_2ddc _cBK |
||
| 999 |
_c259271 _d259271 |
||